| 000 | 01229cam a22003254a 4500 | ||
|---|---|---|---|
| 999 |
_c1556 _d1556 |
||
| 001 | 1556 | ||
| 003 | BD-JhCC | ||
| 005 | 20171023190710.0 | ||
| 008 | 050802s2006 vau bf 001 0 eng | ||
| 010 | _a 2005051642 | ||
| 020 | _a1579221777 (pbk. : alk. paper) | ||
| 035 | _a(BD-JhCC)1556 | ||
| 040 |
_aDLC _cDLC _dYDX _dBAKER _dLMR _dDLC _dBD-JhCC |
||
| 042 | _apcc | ||
| 043 | _an-us--- | ||
| 050 | 0 | 0 |
_aLB2331.6952 _b.M37 2006 |
| 082 | 0 | 0 |
_a371.111 _222 |
| 100 | 1 | _aMarchese, Theodore J. | |
| 245 | 1 | 4 |
_aThe search committee handbook : _ba guide to recruiting administrators / _cTheodore J. Marchese and Jane Fiori Lawrence ; assisted by Caitlin Anderson. |
| 250 | _a2nd ed., rev. | ||
| 260 |
_aSterling, Va. : _bStylus, _cc2006. |
||
| 300 |
_ax, 100 p. ; _c28 cm. |
||
| 504 | _aIncludes bibliographical references (p. 85-88) and index. | ||
| 650 | 0 |
_aCollege administrators _xRecruiting _zUnited States _vHandbooks, manuals, etc. |
|
| 700 | 1 | _aLawrence, Jane Fiori. | |
| 700 | 1 | _aAnderson, Caitlin. | |
| 906 |
_a7 _bcbc _corignew _d1 _eocip _f20 _gy-gencatlg |
||
| 942 |
_2ddc _cBK |
||